000
00229nam a2200097Ia 4500
001
711409
005
20250826162807.0
008
250824s9999 xx 000 0 und d
245
0
_a
BABAMA
_c
AYŞE KULİN
260
_b
EVEREST YAYINLARI
999
_c
711409
_d
711409